01070 2200205 4500245006800000020001800068250001100086700001700097700002100114700002400135650002000159650001200179005001900191260003100210041001400241084000800255300002300263500056900286336000900855 aJakarta Batavia b : Esai Sosio - KulturalcGrijns, KeeshText a979-99986-0-3 aCet. 1 aGrijns, Kees aNas, Peter J. M. aGita Widya Laksmini aSejarah Jakarta aBatavia a20240229140645 aJakartabKITLV Pressc2000 aIndonesia a911 a378 hlm. :c24 cm. aBuku ini merupakan gabungan hasil kerja dari 21 penulis Timur dan Barat. Masalah yang dibahas berkisar dari kondisi pada masa Batavia VOC sampai ke masalah komunitas etnik dan bangsa, dan juga masalah perkembangan pemerintahan administratif. Esai-esai tentang Batavia pada masa awal kolonial memberikan pandangan baru mengenai situasi doemografi yang didasarkan pada penelitian arsip, dan esai-esai yang berkaitan dengan topik lebih modern menggunakan smber-sumber khusus, termasuk peta-peta yang ternyata tidak selalu mudah diperoleh di perpustakaan-perpustakaan. atext